Dalīl al-ḥayrān fī al-kashf ʻan āyāt al-Qurʼān /

Saved in:

Main Author: Nāẓim, Sāliḥ.

Format: Book

Language: Arabic

Published: Cairo : Maṭbaʻat al-Tamaddun, 1900.

Subjects:

Online Access: Login to view Source

Tags: Add Tag

No Tags, Be the first to tag this record!

Call Number: (REF)BP133 .N3 1900

LEADER 00719nam a22002297a 4500
003 OSt
005 20260315121802.0
008 231107q1900 ua 000 0 ara
010 |a ne 66000596  
035 |a (OCoLC)23499371 
040 |c ARCE Library 
042 |a premarc 
050 4 |a (REF)BP133 .N3 1900 
100 1 |a Nāẓim, Sāliḥ. 
245 1 0 |a Dalīl al-ḥayrān fī al-kashf ʻan āyāt al-Qurʼān /   |c tartīb Ṣāliḥ Nāẓim. 
264 1 |a Cairo :   |b Maṭbaʻat al-Tamaddun,   |c 1900. 
300 |a 370 p. ;  |c 19 cm. 
630 0 0 |a Qurʼan  |x Concordances, Arabic. 
856 4 0 |u https://library.arce.org:82/items/7de1bf9b-b8d4-4578-87d4-cb93aee0d43 
901 |a reviewed 
942 |2 lcc  |c BK 
999 |c 54998  |d 54998